|
|
|
|
| LEADER |
01698cas a2200241 a 4500 |
| 001 |
AALejournalIMF004792 |
| 008 |
230101c9999 xx r poo 0 0eng d |
| 020 |
|
|
|c 5.00 USD
|
| 020 |
|
|
|z 9781451828443
|
| 022 |
|
|
|a 1934-7685
|
| 040 |
|
|
|a BD-DhAAL
|c BD-DhAAL
|
| 110 |
2 |
|
|a International Monetary Fund.
|
| 245 |
1 |
0 |
|a Namibia :
|b Financial System Stability Assessment, including Report on the Observance of Standards and Codes on Banking Supervision.
|
| 264 |
|
1 |
|a Washington, D.C. :
|b International Monetary Fund,
|c 2007.
|
| 300 |
|
|
|a 1 online resource (61 pages)
|
| 490 |
1 |
|
|a IMF Staff Country Reports
|
| 500 |
|
|
|a <strong>Off-Campus Access:</strong> No User ID or Password Required
|
| 500 |
|
|
|a <strong>On-Campus Access:</strong> No User ID or Password Required
|
| 506 |
|
|
|a Electronic access restricted to authorized BRAC University faculty, staff and students
|
| 520 |
3 |
|
|a This paper discusses key findings of the Financial System Stability Assessment for Namibia, including the Report on the Observance of Standards and Codes on Banking Supervision. The financial system of Namibia appears healthy, well-run, and resilient to plausible macroeconomic shocks. Namibia has one of the most sophisticated and highly developed financial systems in Africa. It comprises a diverse range of institutions, which are mostly private. The banking sector is mature, profitable, and well capitalized. The nonbank financial institutions sector is also well developed.
|
| 538 |
|
|
|a Mode of access: Internet
|
| 830 |
|
0 |
|a IMF Staff Country Reports; Country Report ;
|v No. 2007/083
|
| 856 |
4 |
0 |
|z Full text available on IMF
|u http://elibrary.imf.org/view/journals/002/2007/083/002.2007.issue-083-en.xml
|z IMF e-Library
|